000 01040nam a2200361 a 4500
003 AR-BaBNM
005 20251128205528.0
008 082120s2002 ||||||||||||||000 | spa||
020 _a950-02-8462-6
040 _cAR-BaBNM
245 0 0 _aMitos, leyendas y cuentos muy, muy antiguos
250 _a1ª ed.
260 _aBuenos Aires
_bEl Ateneo
_c1997
300 _a61 p.
_bil.
490 0 _aLeyendas y cuentos argentinos. Historias de Millatray
_vv. 2
500 _aContiene referencias bibliográficas
650 4 _aLITERATURA ARGENTINA
650 4 _aLEYENDAS
650 4 _aTRADICION ORAL
650 4 _aCOSTUMBRES Y TRADICIONES
650 4 _aLITERATURA FOLKLORICA
650 4 _aCULTURAS LITERARIAS
650 4 _aLITERATURA POPULAR
650 4 _aCUENTOS DE ANIMALES
650 4 _aMITOLOGIA
650 4 _aCULTURAS TRADICIONALES
655 _aLITERATURA
700 1 _aFalbo, Graciela
_earreglo
700 1 _aRojas, Oscar
_eilustrador
800 1 _aPerriconi, Graciela
_edirector
942 _cBK
998 _cMARTIN
999 _c11764
_d11764